Stany Brazylii według dwóch pierwszych liter w 30 sekund - Statystyki

Ogólne statystyki
  • Ten quiz został rozwiązany 11 razy
  • Średni wynik to 14 z 27
Odpowiedzi na mapie
Odpowiedzi zakodowano w zielono-czerwonej skali na mapie do tego quizu, zgodnie z poniższymi procentami.
 
Statystyki odpowiedzi
Stan % Poprawnych
Rio de Janeiro
88%
Rio Grande do Norte
88%
Rio Grande do Sul
88%
Santa Catarina
88%
São Paulo
88%
Amapá
63%
Amazonas
63%
Bahia
63%
Pará
63%
Paraíba
63%
Paraná
63%
Alagoas
50%
Maranhão
50%
Mato Grosso
50%
Mato Grosso do Sul
50%
Minas Gerais
50%
Tocantins
50%
Acre
25%
Ceará
25%
Dystrykt Federalny
25%
Goiás
25%
Pernambuco
25%
Piauí
25%
Rondônia
25%
Roraima
25%
Sergipe
25%
Espírito Santo
13%
Nie znaleziono quizów pasujących do podanych kryteriów
Rozkład punktacji
Procent ludzi z każdym wynikiem
Percentyl według liczby udzielonych odpowiedzi
Twoja historia wyników
Nie rozwiązałeś tego quizu